Riconosci il calciatore dalla foto - Quiz n°2 - Statistics

Statistiche generali
  • Questo quiz è stato fatto 398 volte
  • Il punteggio medio è 7 su 10
Statistiche sulle risposte
con Immagini Risposta % Corretto
Ivan Provedel
89%
Philippe Coutinho
80%
Ousmane Dembélé
79%
Reece James
78%
João Pedro
76%
Joshua Kimmich
68%
Alessio Cragno
64%
Hakim Ziyech
60%
Arthur Cabral
46%
Paolo De Ceglie
40%
Nessun quiz corrispondente trovato
Distribuzione punteggi
Percentuale di utenti per punteggio
Percentile per numero di risposta
I tuoi punteggi nel tempo
Non hai fatto questo quiz